Normal view
MARC view
- Mendjoge Sonika (2K91135)
Entry Personal Name
001 - CONTROL NUMBER
- control field: 101898
003 - CONTROL NUMBER IDENTIFIER
- control field: OSt
005 - DATE AND TIME OF LATEST TRANSACTION
- control field: 20221007215901.0
008 - FIXED-LENGTH DATA ELEMENTS
- fixed length control field: 221007|| aca||aabn | a|a d
040 ## - CATALOGING SOURCE
- Original cataloging agency: OSt
- Transcribing agency: OSt
100 ## - HEADING--PERSONAL NAME
- Personal name: Mendjoge Sonika (2K91135)
670 ## - SOURCE DATA FOUND
- Source citation: Work cat.: (OSt)69053: Mendjoge Sonika (2K91135), A Study of Brand Building Strategies Undertaken by The Fitness Industry With Reference to Golds Gym-India(Pune), 2011